[Event "Muensterland Regionalliga Gr2 2223"]
[Site "Germany"]
[Date "2023.01.14"]
[Round "4.7"]
[White "Gehlen, Horst"]
[Black "Kadenbach, Wolfgang"]
[Result "0-1"]
[WhiteElo "1765"]
[BlackElo "1713"]
[PlyCount "68"]
[EventDate "2022.09.03"]
[EventType "team-tourn"]
[EventRounds "5"]
[EventCountry "GER"]
[SourceTitle "EXT 2024"]
[Source "ChessBase"]
[SourceDate "2023.10.10"]
[SourceVersion "1"]
[SourceVersionDate "2023.10.10"]
[SourceQuality "1"]
[WhiteTeam "Duelmen"]
[BlackTeam "Raesfeld Erle II"]
[WhiteTeamCountry "GER"]
[BlackTeamCountry "GER"]

1. e4 e6 2. Qe2 c5 3. g3 Nc6 4. Bg2 a6 5. Nf3 g6 6. d3 Bg7 7. 0-0 d6 8. c3 Qb6 9. Nbd2 Nge7 10. h4 Bd7 11. Nc4 Qc7 12. Bg5 b5 13. Ncd2 Qb6 14. Nh2 h5 15. Rab1 Rc8 16. Be3 Qc7 17. f4 0-0 18. g4 hxg4 19. Qxg4 f5 20. Qg3 Kf7 21. Nhf3 Bf6 22. d4 cxd4 23. cxd4 fxe4 24. Nxe4 Nf5 25. Neg5+ Ke8 26. Qf2 Qa7 27. d5 Qxe3 28. dxc6 Rxc6 29. Rfe1 Qxf2+ 30. Kxf2 Rc2+ 31. Kg1 Nd4 32. Nh7 Nxf3+ 33. Bxf3 Bd4+ 34. Kh1 Rxf4 0-1

[Event "Muensterland Regionalliga Gr2 2223"]
[Site "Germany"]
[Date "2022.11.05"]
[Round "3.7"]
[White "Sparwel, Oliver"]
[Black "Kadenbach, Wolfgang"]
[Result "1-0"]
[WhiteElo "1949"]
[BlackElo "1713"]
[PlyCount "65"]
[EventDate "2022.09.03"]
[EventType "team-tourn"]
[EventRounds "5"]
[EventCountry "GER"]
[SourceTitle "EXT 2024"]
[Source "ChessBase"]
[SourceDate "2023.10.10"]
[SourceVersion "1"]
[SourceVersionDate "2023.10.10"]
[SourceQuality "1"]
[WhiteTeam "Suedlohn"]
[BlackTeam "Raesfeld Erle II"]
[WhiteTeamCountry "GER"]
[BlackTeamCountry "GER"]

1. d4 Nf6 2. Nf3 d5 3. c4 e6 4. Nc3 c5 5. Bg5 cxd4 6. Nxd4 Be7 7. e3 0-0 8. cxd5 exd5 9. Bd3 Bg4 10. f3 Be6 11. 0-0 h6 12. Bh4 a6 13. Rc1 Nbd7 14. Bf5 Bxf5 15. Nxf5 Nb6 16. Qd4 Rc8 17. Nxe7+ Qxe7 18. Qxb6 Rc6 19. Qd4 g5 20. Bf2 Rfc8 21. Rcd1 Qe6 22. Rd2 b5 23. Rfd1 Rc4 24. Qd3 b4 25. Nxd5 Nxd5 26. Qxd5 Qf6 27. e4 Rc2 28. Rxc2 Rxc2 29. Bd4 Qf4 30. Qd8+ Kh7 31. Qh8+ Kg6 32. Qg7+ Kh5 33. g4+ 1-0

[Event "Muensterland Regionalliga Gr2 2223"]
[Site "Germany"]
[Date "2022.09.03"]
[Round "1.6"]
[White "Kadenbach, Wolfgang"]
[Black "Beckmann, Klaus2222"]
[Result "0-1"]
[WhiteElo "1713"]
[BlackElo "2060"]
[PlyCount "78"]
[EventDate "2022.09.03"]
[EventType "team-tourn"]
[EventRounds "5"]
[EventCountry "GER"]
[SourceTitle "EXT 2024"]
[Source "ChessBase"]
[SourceDate "2023.10.10"]
[SourceVersion "1"]
[SourceVersionDate "2023.10.10"]
[SourceQuality "1"]
[WhiteTeam "Raesfeld Erle II"]
[BlackTeam "Raesfeld Erle"]
[WhiteTeamCountry "GER"]
[BlackTeamCountry "GER"]

1. d4 Nf6 2. c4 e6 3. Nc3 d5 4. Bg5 Nbd7 5. e3 Bb4 6. Rc1 c5 7. a3 Bxc3+ 8. Rxc3 Qa5 9. Bxf6 Nxf6 10. Bd3 dxc4 11. Bxc4 Ne4 12. Ne2 Nxc3 13. Nxc3 0-0 14. 0-0 cxd4 15. exd4 Rd8 16. Bd3 Bd7 17. d5 exd5 18. Qh5 g6 19. Qh6 Bc6 20. Ne2 Bb5 21. b4 Qa6 22. Bxb5 Qxb5 23. Ng3 Qb6 24. Kh1 Re8 25. f4 Rac8 26. f5 Qe3 27. Qh4 Rc1 28. fxg6 hxg6 29. Qf6 Rxf1+ 30. Nxf1 Qe5 31. Qf3 Qe2 32. Qf6 d4 33. h4 d3 34. Ng3 Qe1+ 35. Kh2 Qe5 36. Qf2 Rd8 37. h5 d2 38. hxg6 fxg6 39. Qc5 Qxc5 0-1

[Event "Muensterland Regionalliga playoff Gr1"]
[Site "Germany"]
[Date "2022.04.09"]
[Round "2.5"]
[White "Kadenbach, Wolfgang"]
[Black "Hunhoff, Andreas"]
[Result "1/2-1/2"]
[WhiteElo "1726"]
[BlackElo "1785"]
[PlyCount "40"]
[EventDate "2022.03.19"]
[EventType "team-tourn"]
[EventRounds "5"]
[EventCountry "GER"]
[SourceTitle "EXT 2023"]
[Source "ChessBase"]
[SourceDate "2022.10.05"]
[SourceVersion "1"]
[SourceVersionDate "2022.10.05"]
[SourceQuality "1"]
[WhiteTeam "Raesfeld Erle II"]
[BlackTeam "Bocholt"]
[WhiteTeamCountry "GER"]
[BlackTeamCountry "GER"]

1. d4 f5 2. e4 fxe4 3. Nc3 Nf6 4. Bg5 c6 5. Bxf6 exf6 6. Nxe4 d5 7. Ng3 Qe7+ 8. Qe2 Qxe2+ 9. Bxe2 Bd6 10. 0-0-0 0-0 11. Bd3 f5 12. Re1 f4 13. Nf1 Bf5 14. Bxf5 Rxf5 15. Nd2 Nd7 16. Ngf3 Raf8 17. Re6 R5f6 18. Rhe1 h6 19. g4 Rxe6 20. Rxe6 Rf6 1/2-1/2

[Event "Muensterland Verbandsliga 1819 playoff"]
[Site "Germany"]
[Date "2019.05.18"]
[Round "1.3"]
[White "Kadenbach, Wolfgang"]
[Black "Grotenhuis, Gerard"]
[Result "1-0"]
[WhiteElo "1752"]
[BlackElo "1911"]
[PlyCount "89"]
[EventDate "2019.05.18"]
[EventType "team-k.o."]
[EventRounds "2"]
[EventCountry "GER"]
[SourceTitle "CBM 190 Extra"]
[Source "ChessBase"]
[SourceDate "2019.07.15"]
[SourceVersion "1"]
[SourceVersionDate "2019.07.15"]
[SourceQuality "1"]
[WhiteTeam "Raesfeld Erle II"]
[BlackTeam "Metelen"]
[WhiteTeamCountry "GER"]
[BlackTeamCountry "GER"]

1. d4 d5 2. c4 e5 3. dxe5 d4 4. Nf3 Nc6 5. g3 Be6 6. b3 Qd7 7. Bg2 Nge7 8. 0-0 h6 9. Bb2 0-0-0 10. Na3 Ng6 11. Nc2 Bc5 12. Qd2 d3 13. Qxd3 Qxd3 14. exd3 Rxd3 15. Rad1 Rxd1 16. Rxd1 Bg4 17. Rd5 Be7 18. Bc3 Re8 19. Ncd4 Nb4 20. Ra5 a6 21. e6 f6 22. a3 Nd3 23. h3 Bxf3 24. Bxf3 Nge5 25. Be4 c5 26. Nf5 Nc1 27. Nxe7+ Rxe7 28. Rxc5+ Kb8 29. Bxe5+ fxe5 30. Rxe5 Nxb3 31. f4 b6 32. Kf2 Kc7 33. f5 Nc5 34. Ke3 Nd7 35. Rd5 Nf6 36. Rd1 g6 37. g4 g5 38. a4 a5 39. Rb1 h5 40. Bf3 h4 41. Kd4 Re8 42. Rb5 Rd8+ 43. Bd5 Ne8 44. Ke5 Nd6 45. Rb2 1-0

[Event "Muensterland Verbandsliga 1819"]
[Site "Germany"]
[Date "2019.03.16"]
[Round "8.3"]
[White "Kadenbach, Wolfgang"]
[Black "Junker, Axel"]
[Result "1/2-1/2"]
[WhiteElo "1733"]
[BlackElo "1928"]
[PlyCount "92"]
[EventDate "2018.09.01"]
[EventType "team-tourn"]
[EventRounds "9"]
[EventCountry "GER"]
[SourceTitle "EXT 2020"]
[Source "ChessBase"]
[SourceDate "2019.10.17"]
[SourceVersion "1"]
[SourceVersionDate "2019.10.17"]
[SourceQuality "1"]
[WhiteTeam "Raesfeld Erle II"]
[BlackTeam "Telgte"]
[WhiteTeamCountry "GER"]
[BlackTeamCountry "GER"]

1. d4 Nf6 2. c4 e6 3. Nc3 d5 4. Nf3 Be7 5. Bg5 h6 6. Bh4 Nbd7 7. e3 c6 8. Rc1 0-0 9. Bd3 a6 10. c5 e5 11. dxe5 Ne8 12. Bg3 Nxc5 13. Bb1 g6 14. h3 Ng7 15. Nd4 Re8 16. 0-0 Qb6 17. Qd2 Bd7 18. f4 Nce6 19. f5 Nxd4 20. fxg6 Ndf5 21. gxf7+ Kxf7 22. Kh2 Kg8 23. Rf3 Be6 24. Rcf1 Rf8 25. Qc2 h5 26. Ne2 Qc5 27. Qd3 Qc4 28. Qd2 Bb4 29. Qd1 Nxg3 30. Nxg3 Rxf3 31. Rxf3 Be7 32. Rf4 d4 33. Nxh5 Bg5 34. Nxg7 Bxf4+ 35. exf4 Kxg7 36. Qh5 d3 37. Qg5+ Kf8 38. f5 Bg8 39. e6 Bxe6 40. Bxd3 Qxd3 41. Qh6+ Kg8 42. Qg6+ Kh8 43. Qh6+ Kg8 44. Qxe6+ Kf8 45. Qf6+ Kg8 46. Qg6+ Kh8 1/2-1/2

[Event "Muensterland Verbandsliga 1819"]
[Site "Germany"]
[Date "2019.01.26"]
[Round "6.3"]
[White "Kadenbach, Wolfgang"]
[Black "Sicking, Norbert"]
[Result "1/2-1/2"]
[WhiteElo "1733"]
[BlackElo "1799"]
[PlyCount "36"]
[EventDate "2018.09.01"]
[EventType "team-tourn"]
[EventRounds "9"]
[EventCountry "GER"]
[SourceTitle "EXT 2020"]
[Source "ChessBase"]
[SourceDate "2019.10.17"]
[SourceVersion "1"]
[SourceVersionDate "2019.10.17"]
[SourceQuality "1"]
[WhiteTeam "Raesfeld Erle II"]
[BlackTeam "Heiden"]
[WhiteTeamCountry "GER"]
[BlackTeamCountry "GER"]

1. d4 g6 2. c4 Nf6 3. Nc3 d6 4. e4 Bg7 5. f3 0-0 6. Be3 Nbd7 7. Bd3 e5 8. d5 b6 9. Nge2 Nc5 10. b4 Nxd3+ 11. Qxd3 a5 12. b5 Nd7 13. Na4 f5 14. 0-0-0 Nf6 15. Bg5 h6 16. Bxf6 Qxf6 17. Nac3 Qg5+ 18. Qd2 Qxd2+ 1/2-1/2

[Event "Muensterland Verbandsliga 1819"]
[Site "Germany"]
[Date "2018.12.15"]
[Round "5.3"]
[White "Hanewinkel, Winfried"]
[Black "Kadenbach, Wolfgang"]
[Result "1-0"]
[WhiteElo "1919"]
[BlackElo "1733"]
[PlyCount "109"]
[EventDate "2018.09.01"]
[EventType "team-tourn"]
[EventRounds "9"]
[EventCountry "GER"]
[SourceTitle "EXT 2020"]
[Source "ChessBase"]
[SourceDate "2019.10.17"]
[SourceVersion "1"]
[SourceVersionDate "2019.10.17"]
[SourceQuality "1"]
[WhiteTeam "Beelen"]
[BlackTeam "Raesfeld Erle II"]
[WhiteTeamCountry "GER"]
[BlackTeamCountry "GER"]

1. d4 Nf6 2. c4 e5 3. dxe5 Ng4 4. Bf4 Nc6 5. Nf3 f6 6. exf6 Qxf6 7. Qd2 Bc5 8. e3 d6 9. Nc3 Be6 10. Ne4 Qf5 11. Nxc5 Qxc5 12. Be2 Nge5 13. b3 0-0-0 14. Nd4 Bd7 15. a3 Rdf8 16. b4 Qb6 17. b5 Na5 18. Qc3 Ng6 19. Bg3 h5 20. h4 Ne7 21. Bd3 g6 22. 0-0 Nf5 23. Nxf5 gxf5 24. Rac1 Rhg8 25. Bf4 c5 26. bxc6 Qxc6 27. g3 Qf3 28. Qxa5 Bc6 29. Bxf5+ Kb8 30. Bxd6+ Ka8 31. e4 Rf6 32. Bc7 Rgf8 33. Rcd1 a6 34. Rd8+ Rxd8 35. Bxd8 Rd6 36. Bg5 Rd3 37. Qb6 Bxe4 38. Bxe4 Qxe4 39. Be3 Kb8 40. Rc1 Qf3 41. Bf4+ Ka8 42. Qb1 Rd7 43. Re1 Rd8 44. Bc7 Rf8 45. Qb6 Qc3 46. Qb4 Qf6 47. Bb6 Rg8 48. a4 Qf5 49. Qe7 Qg6 50. a5 Qc6 51. Rd1 Qc8 52. Rd8 Rxd8 53. Qxd8 Qxd8 54. Bxd8 b5 55. axb6 1-0

[Event "Muensterland Verbandsklasse 1718"]
[Site "Germany"]
[Date "2018.02.17"]
[Round "6.4"]
[White "Brinkmann, Franz Josef"]
[Black "Kadenbach, Wolfgang"]
[Result "0-1"]
[WhiteElo "1758"]
[BlackElo "1726"]
[PlyCount "78"]
[EventDate "2017.09.16"]
[EventType "team-tourn"]
[EventRounds "9"]
[EventCountry "GER"]
[SourceTitle "EXT 2019"]
[Source "ChessBase"]
[SourceDate "2018.10.10"]
[SourceVersion "1"]
[SourceVersionDate "2018.10.10"]
[SourceQuality "1"]
[WhiteTeam "Rheine Klein Berlin II"]
[BlackTeam "Raesfeld Erle II"]
[WhiteTeamCountry "GER"]
[BlackTeamCountry "GER"]

1. e4 e6 2. g3 d5 3. Bg2 Nf6 4. exd5 exd5 5. d3 Bc5 6. Ne2 0-0 7. 0-0 Nc6 8. d4 Bb6 9. c3 h6 10. Bf4 Bg4 11. f3 Be6 12. Qd3 Qd7 13. Na3 Bh3 14. Rae1 Bxg2 15. Kxg2 Ne7 16. Nc2 Rae8 17. Be3 Ng6 18. Nf4 Nxf4+ 19. Bxf4 Nh5 20. Bd2 c6 21. Ne3 f5 22. Nxf5 Rxe1 23. Rxe1 Rxf5 24. g4 Nf4+ 25. Bxf4 Rxf4 26. Qg6 Rf7 27. h4 Re7 28. Re5 Bc7 29. Rh5 Qd6 30. Qxd6 Bxd6 31. Kf2 Bf4 32. g5 hxg5 33. hxg5 g6 34. Rh4 Bxg5 35. Rg4 Be3+ 36. Kg3 Kf7 37. f4 Bc1 38. b3 Re3+ 39. Kh4 Rxc3 0-1

[Event "Muensterland Verbandsklasse 1718"]
[Site "Germany"]
[Date "2017.12.16"]
[Round "4.3"]
[White "Kadenbach, Wolfgang"]
[Black "Gerighausen, Karl Heinz"]
[Result "1/2-1/2"]
[WhiteElo "1726"]
[BlackElo "1659"]
[PlyCount "105"]
[EventDate "2017.09.16"]
[EventType "team-tourn"]
[EventRounds "9"]
[EventCountry "GER"]
[SourceTitle "EXT 2019"]
[Source "ChessBase"]
[SourceDate "2018.10.10"]
[SourceVersion "1"]
[SourceVersionDate "2018.10.10"]
[SourceQuality "1"]
[WhiteTeam "Raesfeld Erle II"]
[BlackTeam "Emsdetten Rochade III"]
[WhiteTeamCountry "GER"]
[BlackTeamCountry "GER"]

1. d4 d5 2. c4 e6 3. Nc3 c5 4. cxd5 exd5 5. e3 Nf6 6. Nf3 Nc6 7. Be2 Bf5 8. 0-0 Rc8 9. Ne5 Bd6 10. Nxc6 bxc6 11. Bd2 0-0 12. Rc1 Re8 13. dxc5 Bxc5 14. Bf3 Bd6 15. g3 Qd7 16. Ne2 Ne4 17. Nd4 Bh3 18. Bg2 Ng5 19. Qh5 Bxg2 20. Kxg2 Ne4 21. Bc3 Re5 22. Qh3 Qxh3+ 23. Kxh3 Nxc3 24. Rxc3 c5 25. Nf3 Ree8 26. Rd1 Be5 27. Nxe5 Rxe5 28. Rdc1 c4 29. b3 g6 30. bxc4 dxc4 31. Rxc4 Rxc4 32. Rxc4 Ra5 33. a4 h5 34. Kg2 Kg7 35. f4 Kf6 36. e4 Ke6 37. Kf3 Kf6 38. h4 Ke6 39. Ke3 Ra6 40. Kd3 Rd6+ 41. Kc3 Rd1 42. Rd4 Rc1+ 43. Kb4 Rb1+ 44. Kc3 Rc1+ 45. Kb2 Re1 46. e5 Re3 47. Rd6+ Ke7 48. Ra6 Rxg3 49. Rxa7+ Ke6 50. Ra6+ Ke7 51. Ra7+ Ke6 52. Ra6+ Ke7 53. Ra7+ 1/2-1/2

[Event "Muensterland Verbandsklasse 1718"]
[Site "Germany"]
[Date "2017.11.25"]
[Round "3.4"]
[White "Junk, Andreas"]
[Black "Kadenbach, Wolfgang"]
[Result "1-0"]
[WhiteElo "1759"]
[BlackElo "1726"]
[PlyCount "147"]
[EventDate "2017.09.16"]
[EventType "team-tourn"]
[EventRounds "9"]
[EventCountry "GER"]
[SourceTitle "EXT 2019"]
[Source "ChessBase"]
[SourceDate "2018.10.10"]
[SourceVersion "1"]
[SourceVersionDate "2018.10.10"]
[SourceQuality "1"]
[WhiteTeam "Hiltrup"]
[BlackTeam "Raesfeld Erle II"]
[WhiteTeamCountry "GER"]
[BlackTeamCountry "GER"]

1. e4 e6 2. d4 d5 3. e5 c5 4. c3 Nc6 5. Nf3 Qb6 6. a3 c4 7. Nbd2 Na5 8. Be2 Be7 9. Rb1 Bd7 10. b4 cxb3 11. c4 dxc4 12. Nxc4 Nxc4 13. Bxc4 Qc7 14. Qxb3 Rc8 15. Be2 Qc3+ 16. Bd2 Qxb3 17. Rxb3 b6 18. 0-0 Nh6 19. Ba6 Rc2 20. Rc1 Rxc1+ 21. Bxc1 Nf5 22. Rc3 Kd8 23. Bd3 h6 24. g3 Ba4 25. d5 Kd7 26. d6 Bd8 27. g4 Nxd6 28. exd6 Kxd6 29. Bf4+ Kd7 30. Ne5+ Ke7 31. Nc6+ Bxc6 32. Rxc6 f6 33. Bb8 Kd7 34. Rc3 Be7 35. Bb5+ Kd8 36. Bc7+ Kc8 37. Bxb6+ Kb7 38. Ba5 Rc8 39. Rxc8 Kxc8 40. Bb4 Bxb4 41. axb4 Kb7 42. Bc4 e5 43. f3 Kb6 44. Kf2 a5 45. bxa5+ Kxa5 46. Ke3 Kb4 47. Bd3 Kc5 48. Bg6 Kd6 49. Ke4 Ke6 50. h3 Ke7 51. Kf5 Kf8 52. Ke6 Kg8 53. Bf7+ Kf8 54. Bh5 Kg8 55. Ke7 Kh7 56. Be8 Kg8 57. h4 Kh7 58. Ke6 Kg8 59. g5 hxg5 60. hxg5 fxg5 61. Kxe5 g4 62. fxg4 Kh7 63. Kf5 Kg8 64. Kg6 Kh8 65. Kf7 Kh7 66. g5 Kh8 67. Bc6 Kh7 68. Be4+ Kh8 69. Kf8 g6 70. Kf7 Kh7 71. Bd3 Kh8 72. Kxg6 Kg8 73. Ba6 Kh8 74. Kf7 1-0

[Event "Muensterland Verbandsklasse 1718"]
[Site "Germany"]
[Date "2017.10.14"]
[Round "2.4"]
[White "Kadenbach, Wolfgang"]
[Black "Mense, Jens Uwe"]
[Result "0-1"]
[WhiteElo "1726"]
[BlackElo "1802"]
[PlyCount "120"]
[EventDate "2017.09.16"]
[EventType "team-tourn"]
[EventRounds "9"]
[EventCountry "GER"]
[SourceTitle "EXT 2019"]
[Source "ChessBase"]
[SourceDate "2018.10.10"]
[SourceVersion "1"]
[SourceVersionDate "2018.10.10"]
[SourceQuality "1"]
[WhiteTeam "Raesfeld Erle II"]
[BlackTeam "Nordwalde"]
[WhiteTeamCountry "GER"]
[BlackTeamCountry "GER"]

1. d4 g6 2. c4 Bg7 3. Nc3 d6 4. e4 Nd7 5. Be3 e5 6. d5 Ne7 7. Qd2 f5 8. g3 fxe4 9. Nxe4 Nf6 10. Nxf6+ Bxf6 11. Bg2 Nf5 12. Ne2 Bd7 13. Nc3 Qe7 14. 0-0 0-0 15. a4 a6 16. Rad1 Rf7 17. b3 Raf8 18. Ne4 Nxe3 19. Qxe3 b6 20. Qd2 Bf5 21. Qe2 Bxe4 22. Qxe4 Qd7 23. Rc1 Bg5 24. Rc2 Rb8 25. h4 Bf6 26. Kh2 Qf5 27. Re2 Qxe4 28. Rxe4 Kg7 29. Bh3 Rff8 30. Bd7 Rf7 31. Bc6 Kh6 32. Kg2 g5 33. hxg5+ Bxg5 34. Rh1+ Kg6 35. Re2 Rbf8 36. b4 Rf3 37. Bb7 Ra3 38. Bxa6 Rxa4 39. Bb5 Rxb4 40. Ra1 Rb3 41. Ra7 Bd8 42. Ra8 Rc3 43. Rc8 Kf6 44. Ra2 h6 45. Rb8 Ke7 46. Re2 Kf6 47. Ra2 Ke7 48. f4 Rg8 49. fxe5 Rcxg3+ 50. Kh2 dxe5 51. Ra7 R3g5 52. Ra3 Kd6 53. Rf3 e4 54. Rxd8+ Rxd8 55. Rf6+ Ke5 56. Re6+ Kf4 57. Rxh6 Rg7 58. Rh4+ Kf3 59. Bc6 Rdg8 60. Rh3+ Kf2 0-1

[Event "Muensterland Verbandsklasse 1617"]
[Site "Germany"]
[Date "2017.03.25"]
[Round "8.5"]
[White "Kadenbach, Wolfgang"]
[Black "Westhues, Ralf"]
[Result "1/2-1/2"]
[WhiteElo "1728"]
[BlackElo "1614"]
[PlyCount "36"]
[EventDate "2016.09.24"]
[EventType "team"]
[EventRounds "9"]
[EventCountry "GER"]
[SourceTitle "EXT 2018"]
[Source "ChessBase"]
[SourceDate "2017.10.13"]
[SourceVersion "1"]
[SourceVersionDate "2017.10.13"]
[SourceQuality "1"]
[WhiteTeam "Raesfeld Erle II"]
[BlackTeam "Sendenhorst"]
[WhiteTeamCountry "GER"]
[BlackTeamCountry "GER"]

1. d4 c5 2. d5 Nf6 3. c4 d6 4. Nc3 g6 5. e4 Bg7 6. Bd3 0-0 7. f3 Nbd7 8. Be3 Ne5 9. Nge2 e6 10. 0-0 exd5 11. cxd5 a6 12. a4 h5 13. Nc1 Bd7 14. a5 b5 15. axb6 Qxb6 16. Rb1 Qb7 17. Qe2 Rfb8 18. h3 Bb5 1/2-1/2

[Event "Muensterland Verbandsklasse 1617"]
[Site "Germany"]
[Date "2017.02.11"]
[Round "6.5"]
[White "Kadenbach, Wolfgang"]
[Black "Holstegge, Ludger"]
[Result "0-1"]
[WhiteElo "1728"]
[BlackElo "1829"]
[PlyCount "102"]
[EventDate "2016.09.24"]
[EventType "team"]
[EventRounds "9"]
[EventCountry "GER"]
[SourceTitle "EXT 2018"]
[Source "ChessBase"]
[SourceDate "2017.10.13"]
[SourceVersion "1"]
[SourceVersionDate "2017.10.13"]
[SourceQuality "1"]
[WhiteTeam "Raesfeld Erle II"]
[BlackTeam "Nordwalde"]
[WhiteTeamCountry "GER"]
[BlackTeamCountry "GER"]

1. d4 Nf6 2. c4 g6 3. Nc3 Bg7 4. e4 0-0 5. e5 Ne8 6. f4 d6 7. h3 dxe5 8. fxe5 c5 9. dxc5 Qxd1+ 10. Kxd1 Bxe5 11. Nf3 Bxc3 12. bxc3 Nc6 13. Bd3 Nf6 14. Re1 Rd8 15. Kc2 Kg7 16. Bf4 h6 17. Rab1 Nh5 18. Bh2 f5 19. Nd4 Kf7 20. Nb5 a6 21. Nc7 Ra7 22. Nd5 Nf6 23. Nb6 Re8 24. Re2 Nd7 25. Bg1 e5 26. Rf1 Nf6 27. Kb2 Be6 28. Bh2 f4 29. Be4 Nxe4 30. Rxe4 Bf5 31. Ree1 g5 32. Rd1 Be6 33. Bg1 Kf6 34. Rd6 Kf5 35. Kc1 h5 36. Kd2 g4 37. h4 g3 38. Nd5 Rd8 39. Ke2 Raa8 40. Rb1 Rxd6 41. cxd6 Rd8 42. Bc5 Rb8 43. Bb6 Re8 44. Bc7 b5 45. cxb5 axb5 46. Rxb5 Ra8 47. Ne7+ Nxe7 48. dxe7 Bc4+ 49. Kd1 Bxb5 50. c4 Bxc4 51. Bd8 Bb5 0-1

[Event "Muensterland Verbandsklasse 1516"]
[Site "Germany"]
[Date "2015.11.07"]
[Round "2.4"]
[White "Kadenbach, Wolfgang"]
[Black "Scharlow, Siegmar"]
[Result "1-0"]
[WhiteElo "1731"]
[BlackElo "1776"]
[PlyCount "85"]
[EventDate "2015.09.19"]
[EventType "team"]
[EventRounds "9"]
[EventCountry "GER"]
[SourceTitle "EXT 2017"]
[Source "ChessBase"]
[SourceDate "2016.10.25"]
[SourceVersion "1"]
[SourceVersionDate "2016.10.25"]
[SourceQuality "1"]
[WhiteTeam "Raesfeld Erle II"]
[BlackTeam "Nienberge II"]
[WhiteTeamCountry "GER"]
[BlackTeamCountry "GER"]

1. d4 Nf6 2. c4 e5 3. dxe5 Ne4 4. a3 Nc6 5. Nf3 Qe7 6. Qc2 Nc5 7. b4 Ne6 8. Bb2 g5 9. h3 h5 10. Nc3 Ned4 11. Nxd4 Nxd4 12. Qe4 Ne6 13. Nd5 Qd8 14. Nf6+ Ke7 15. e3 Bg7 16. Be2 h4 17. f4 c6 18. f5 Nc7 19. Rd1 Ne8 20. Nh5 Kf8 21. Qg4 Rg8 22. 0-0 f6 23. Nxg7 Rxg7 24. Qh5 Kg8 25. Rd2 Qe7 26. Qf3 Rb8 27. e4 b6 28. Qc3 fxe5 29. Qxe5 d6 30. Qd4 Rh7 31. Rfd1 Bb7 32. Bf3 c5 33. Qe3 Rd8 34. e5 Bxf3 35. gxf3 Qf7 36. f6 Qxc4 37. Qxg5+ Kf7 38. Rg2 Rh8 39. Qg6+ Kf8 40. Qf5 Qb3 41. Rd3 Qc4 42. e6 Rb8 43. f7 1-0

[Event "Muensterland Verbandsklasse 1516"]
[Site "Germany"]
[Date "2015.09.19"]
[Round "1.4"]
[White "Mense, Jens Uwe"]
[Black "Kadenbach, Wolfgang"]
[Result "1/2-1/2"]
[WhiteElo "1801"]
[BlackElo "1731"]
[PlyCount "44"]
[EventDate "2015.09.19"]
[EventType "team"]
[EventRounds "9"]
[EventCountry "GER"]
[SourceTitle "EXT 2017"]
[Source "ChessBase"]
[SourceDate "2016.10.25"]
[SourceVersion "1"]
[SourceVersionDate "2016.10.25"]
[SourceQuality "1"]
[WhiteTeam "Nordwalde"]
[BlackTeam "Raesfeld Erle II"]
[WhiteTeamCountry "GER"]
[BlackTeamCountry "GER"]

1. e4 e6 2. d4 d5 3. Nc3 Bb4 4. exd5 exd5 5. Bd3 Nf6 6. Bg5 0-0 7. Nge2 Bxc3+ 8. Nxc3 Re8+ 9. Ne2 Bg4 10. f3 Bh5 11. Qd2 Bg6 12. 0-0-0 Bxd3 13. Qxd3 Nbd7 14. Rhe1 c6 15. Ng3 Qc7 16. Kb1 b5 17. Qf5 a5 18. Qf4 Qxf4 19. Bxf4 g6 20. Bd2 a4 21. Rxe8+ Rxe8 22. Re1 Nf8 1/2-1/2

[Event "Muensterland Verbandsklasse 1415"]
[Site "Germany"]
[Date "2015.03.21"]
[Round "8.6"]
[White "Kadenbach, Wolfgang"]
[Black "Bloem, Markus"]
[Result "1/2-1/2"]
[WhiteElo "1689"]
[BlackElo "1482"]
[PlyCount "85"]
[EventDate "2014.09.13"]
[EventType "team-tourn"]
[EventRounds "9"]
[EventCountry "GER"]
[SourceTitle "EXT 2016"]
[Source "ChessBase"]
[SourceDate "2015.10.08"]
[SourceVersion "1"]
[SourceVersionDate "2015.10.08"]
[SourceQuality "1"]
[WhiteTeam "Raesfeld Erle II"]
[BlackTeam "Ibbenbueren"]
[WhiteTeamCountry "GER"]
[BlackTeamCountry "GER"]

1. d4 d5 2. c4 c6 3. Nc3 Nf6 4. Nf3 g6 5. Bg5 Bg7 6. e3 0-0 7. h3 b6 8. Rc1 Bb7 9. cxd5 cxd5 10. Bd3 Nbd7 11. 0-0 Rc8 12. Bf4 Ne4 13. Bxe4 dxe4 14. Nd2 Nf6 15. Qe2 Qd7 16. Rfd1 Bd5 17. Qa6 Qb7 18. Qa4 e6 19. a3 a6 20. Be5 Nd7 21. Bd6 b5 22. Qa5 Rfe8 23. Nxd5 exd5 24. Nb3 Rc4 25. Rxc4 bxc4 26. Nc5 Nxc5 27. Bxc5 Bf8 28. Qb4 Qb5 29. Bxf8 Rxf8 30. Qxb5 axb5 31. Kf1 Rb8 32. Rd2 Kf8 33. Ke2 Ke7 34. Kd1 Kd6 35. Kc2 f5 36. Kc3 Kc6 37. Rd1 Kb6 38. h4 Rf8 39. g3 h5 40. Rc1 Ka5 41. Rf1 Re8 42. Rc1 Rb8 43. Ra1 1/2-1/2

[Event "Muensterland Verbandsklasse-A 0607"]
[Site "Germany"]
[Date "2007.01.20"]
[Round "5.5"]
[White "Kadenbach, Wolfgang"]
[Black "Wigger, Reiner"]
[Result "1/2-1/2"]
[WhiteElo "1708"]
[BlackElo "1779"]
[PlyCount "37"]
[EventDate "2006.09.23"]
[EventType "team"]
[EventRounds "9"]
[EventCountry "GER"]
[SourceTitle "EXT 2008"]
[Source "ChessBase"]
[SourceDate "2007.11.25"]
[SourceVersion "1"]
[SourceVersionDate "2007.11.25"]
[SourceQuality "1"]
[WhiteTeam "Raesfeld Erle"]
[BlackTeam "Muenster Indische Dame"]
[WhiteTeamCountry "GER"]
[BlackTeamCountry "GER"]

1. d4 Nf6 2. c4 e6 3. Nf3 Bb4+ 4. Nbd2 b6 5. a3 Bxd2+ 6. Bxd2 h6 7. g3 Bb7 8. Bg2 Qe7 9. b4 d6 10. 0-0 0-0 11. Bc3 Nbd7 12. e3 Rfd8 13. Qe2 Ne4 14. Bb2 Nef6 15. Rfd1 a5 16. b5 Be4 17. Rac1 Rac8 18. a4 e5 19. Bh3 1/2-1/2

[Event "Muensterland Verbandsklasse-A 0607"]
[Site "Germany"]
[Date "2006.10.21"]
[Round "2.5"]
[White "Dolle, Stephan"]
[Black "Kadenbach, Wolfgang"]
[Result "1-0"]
[WhiteElo "1804"]
[BlackElo "1708"]
[PlyCount "49"]
[EventDate "2006.09.23"]
[EventType "team"]
[EventRounds "9"]
[EventCountry "GER"]
[SourceTitle "EXT 2008"]
[Source "ChessBase"]
[SourceDate "2007.11.25"]
[SourceVersion "1"]
[SourceVersionDate "2007.11.25"]
[SourceQuality "1"]
[WhiteTeam "Heiden II"]
[BlackTeam "Raesfeld Erle"]
[WhiteTeamCountry "GER"]
[BlackTeamCountry "GER"]

1. d4 d5 2. c4 c6 3. Nc3 e6 4. Nf3 Nf6 5. Bg5 h6 6. Bh4 dxc4 7. e4 g5 8. Bg3 b5 9. h3 Bb4 10. Qc2 Bb7 11. Be2 c5 12. d5 exd5 13. exd5 Bxd5 14. 0-0-0 Bxc3 15. Qxc3 0-0 16. h4 g4 17. Ne5 h5 18. Qd2 Qb6 19. Qg5+ Kh7 20. Bf4 Rh8 21. Nxf7 Bxf7 22. Rd6 Nbd7 23. Rxb6 axb6 24. Bd1 Rxa2 25. Bc2+ 1-0